000 00405nam a22001457a 4500
020 _a0860958035
082 _a690
_bHAR
_cD
100 _aHarper, R Denis
_945347
245 _aBuilding Process and the Product
_cHarper, R Denis
260 _aEngland
_bThe Construction Press Ltd
_cc1978
300 _aP414
_bill
_c25cm
526 _a0
_b0
_c0
_d690_000000000000000_HAR
650 _aD
_96527
942 _2ddc
_cBK
999 _c548891
_d548891